000 01154cad a22002295a 4500
001 L142685
008 080228s2008 xxkd f 000 0 eng d
035 _a(Sirsi) u142685
041 0 _aeng
050 0 4 _a333.33 $2 18
110 2 _aSavills
_92020
245 0 0 _aUK Residential Research Bulletin
_bFebruary 2008
_h[electronic resource]
260 _aLondon
_bSavills
_c2008
490 0 _aSavills UK Residential Research Bulletin
_vFebruary 2008
520 _aFinds that since the second quarter of 2007 growth has slowed in many regions. In the fourth quarter of 2007 only London and Wales showed growth. The crisis in credit and confidence has resulted in volatile financial markets and weakened the outlook for growth. Low levels of growth are predicted for the housing market together with the possibility of some falls.
590 _aKA
650 2 4 _aSAVILLS UK RESIDENTIAL RESEARCH BULLETIN
651 4 _aUnited Kingdom
_y
690 _aPROPERTY-RESIDENTIAL PROPERTY-RESIDENTIAL PROPERTY MARKET
856 4 8 _uhttps://www.savills.co.uk/research/Report.aspx?nodeID=9203#
_zView the bulletin free of charge at www.savills.co.uk...
942 _n0
999 _c107938
_d107938